000 00353nam a2200145Ia 4500
008 230917s9999||||xx |||||||||||||| ||und||
040 _e42746
_aMAIN
041 _aEnglish
082 _a813.09 G319H
100 _aGerold, Gordon Hall
245 0 _aHow to read fiction
260 _aNew York
_bRussell & Russell
_c1969
300 _a153 p.
942 _cBK
999 _c50110
_d50110